Biblioteca

La era del vacío : (Registro nro. 65256)

Detalles MARC
000 -LÍDER
Campo fijo de descripción fija 01333nam a2200361 i 4500
001 - NÚMERO DE CONTROL
Campo de control 768714001
003 - IDENTIFICADOR DEL NÚMERO DE CONTROL
Campo de control CO-MdFUSB
005 - FECHA Y HORA DE LA ULTIMA TRANSACCIÓN
control field 20191022145141.0
008 - ELEMENTOS DE LONGITUD FIJA -- INFORMACIÓN GENERAL
Campo fijo de descripción fija -- Información general 190926t2002 sp |||| |||| 00| 0 spa d
020 ## - NÚMERO INTERNACIONAL NORMALIZADO PARA LIBROS
Número Internacional Normalizado del libro 9788433967558
040 ## - FUENTE DE CATALOGACIÓN
Idioma de catalogación spa.
Agencia de catalogación original CO-MdFUSB
Agencia que realiza la transcripción CO-MdFUSB
Agencia que realiza la modificación CO-MdFUSBC
Convenciones de la descripción rda
041 ## - CÓDIGO DE IDIOMA
Código de idioma para texto/pista de sonido o título separado spa
Código de idioma original fre
082 ## - NÚMERO DE CLASIFICACIÓN DECIMAL DEWEY
Número de la edición del Dewey 23
Número de clasificación 301.15
Clave de autor-Numero de item L764
100 ## - ASIENTO PRINCIPAL--NOMBRE PERSONAL
Nombre personal Lipovetsky, Guilles.
Término relacionador autor
240 ## - TITULO UNIFORME
Título uniforme <a href="L´ere du vide. Essais sur I´ndividualisme contemporain">L´ere du vide. Essais sur I´ndividualisme contemporain</a>
245 13 - TÍTULO
Título del Material La era del vacío :
Parte restante del título - Subtitulo ensayos sobre el individualismo contemporáneo.
Mención de responsabilidad, etc. / Guilles Lipovetsky ; traducido por Joan Vinyoli y Michéle Pendanx
264 #1 - PRODUCCIÓN, PUBLICACIÓN, DISTRIBUCIÓN, MANUFACTURA, Y COPYRIGHT
Lugar de producción, publicación, distribución, manufactura Barcelona, España :
Nombre del productor, publicador, distribuidor Anagrama,
Fecha de producción, publicación, distribución, manufactura, o copyright [2002]
264 #4 - PRODUCCIÓN, PUBLICACIÓN, DISTRIBUCIÓN, MANUFACTURA, Y COPYRIGHT
Fecha de producción, publicación, distribución, manufactura, o copyright © 2002
300 ## - DESCRIPCIÓN FÍSICA
Extensión 220 páginas
Dimensiones ; 21 cm
336 ## - TIPO DE CONTENIDO
Fuente rdacontent
Término de tipo de contenido texto
Código de tipo de contenido txt
337 ## - TIPO DE MEDIO
Fuente rdamedia
Nombre del tipo de medio sin mediación
Código del tipo de medio n
338 ## - TIPO DE SOPORTE
Fuente rdacarrier
Nombre del tipo de soporte volumen
Código Tipo de soporte nc
490 ## - MENCIÓN DE SERIE
Mención de serie Compactos.
505 ## - NOTA DE CONTENIDO
Nota de contenido con formato preestablecido Seducción contínua. -- La indiferencia pura. -- Narciso o la estrategia del vacío. -- Modernismo y posmodernismo. -- La sociedad humorística. -- Violencias salvajes, violencias modernas.
563 ## - NOTA DE ENCUADERNACIÓN
Nota de encuadernación Rústico
650 #0 - ASIENTO SECUNDARIO DE MATERIA - TERMINO TEMÁTICO
9 (RLIN) 5
Término temático o nombre geográfico como elemento de entrada Sociología de la cultura
650 #7 - ASIENTO SECUNDARIO DE MATERIA - TERMINO TEMÁTICO
9 (RLIN) 261
Término temático o nombre geográfico como elemento de entrada Postmodernismo
650 #7 - ASIENTO SECUNDARIO DE MATERIA - TERMINO TEMÁTICO
9 (RLIN) 2660
Término temático o nombre geográfico como elemento de entrada Individualismo
Fuente del encabezamiento o término embne
653 ## - TÉRMINO DE INDIZACIÓN - NO CONTROLADO
Término no controlado Narcisismo
653 ## - TÉRMINO DE INDIZACIÓN - NO CONTROLADO
Término no controlado Seducción
942 ## - TIPO DE MATERIAL (KOHA)
Tipo de Item KOHA Libros General
945 ## - INFORMACIÓN LOCAL DEL REGISTRO
Catalogador JTF-925
Existencias
Estado de Material Estado de Perdido Forma de Clasificación Estado de Dañado No para Préstamo Colección Biblioteca de Origen Biblioteca Permanente Fecha de Adquisición Área Total de Préstamos Signatura Topográfica Código de Barras Última vez visto Ejemplar/Existencia Fecha de Remplazo Tipo de Material
    Dewey Decimal Classification     Colección General Biblioteca FUSBC Biblioteca FUSBC 26/09/2019 SOCIOLOGIA   G 301.15 L764e 13097 12/12/2019 Ej. 1 26/09/2019 Libros General

Biblioteca FUSBC | Teléfono: (57+4) 349 88 10 Ext. 141| WhatsApp (+57) 3005338115 
E-mail: biblioteca@unisbc.edu.co | Calle 76 87-14 Robledo Palenque, Medellín, Colombia

Con tecnología Koha